Introduction to decision analysis: a practitioner's guide to improving decision quality
Đã lưu trong:
| Tác giả chính: | |
|---|---|
| Định dạng: | Sách |
| Ngôn ngữ: | Tiếng Anh |
| Được phát hành: |
Gainesville
Probabilistic
1999
|
| Phiên bản: | 2a. ed |
| Những chủ đề: | |
| Các nhãn: |
Thêm thẻ
Không có thẻ, Là người đầu tiên thẻ bản ghi này!
|
MARC
| LEADER | 00000nam a2200000 a 4500 | ||
|---|---|---|---|
| 001 | UCL4843 | ||
| 003 | CL-VaPUC | ||
| 008 | 040227e19990000US |||||||||||||||||eng|d | ||
| 020 | |a 0964793830 | ||
| 082 | 0 | 4 | |a 658.403 |b SKI |2 21 |
| 100 | 0 | |a Skinner, David C |e author |9 482515 | |
| 245 | 1 | 0 | |a Introduction to decision analysis: a practitioner's guide to improving decision quality |
| 250 | |a 2a. ed | ||
| 300 | |a 369 p | ||
| 942 | |c BK | ||
| 945 | |d 20040227 00:00:00 |a cmena | ||
| 260 | |a Gainesville |b Probabilistic |c 1999 | ||
| 650 | 0 | |a Toma de decisiones |9 257530 | |
| 650 | 0 | |a Planificación estratégica |9 259735 | |
| 650 | 0 | |a Gestión de la información |9 362327 | |
| 650 | 7 | |a METODOS DE SIMULACION |2 CL-VaPUC |9 260497 | |
| 583 | |a last modification |c 20040227 00:00:00 |k Rodrigo Vera | ||
| 999 | |c 307601 |d 307599 | ||
| 952 | |0 0 |1 0 |4 0 |6 658_403000000000000_SKI_1999 |7 0 |8 A |9 373640 |a BIBING |b BIBING |d 2019-11-21 |i 3984702 |o 658.403 SKI 1999 |p 3984702 |r 2025-01-20 |w 2019-11-21 |y BK |k EII | ||